| 000 | 00952nam a2200313 a 4500 | ||
|---|---|---|---|
| 001 | 54637 | ||
| 003 | AR-BaAGN | ||
| 005 | 20250213143437.0 | ||
| 007 | ta | ||
| 008 | s ag |||||r|||| ||| ||spa d | ||
| 020 | _a978-987-558-989-1 | ||
| 040 |
_aAR-BaAGN _bspa _eaacr |
||
| 100 | 1 |
_aBorrillo, Daniel _98979 |
|
| 240 | 1 | 3 |
_aLe droit des sexualités _lespañol |
| 245 | 1 | 3 |
_aEl derecho de las sexualidades / _cDaniel Borrillo; Traducción de María Teresa D'Meza y Rodrigo Molina-Zavalía. |
| 250 | _a1a ed. | ||
| 260 |
_aBernal : _bUniversidad Nacional de Quilmes, _c2023. |
||
| 300 |
_a250 p. ; _c20 cm. |
||
| 336 |
_btxt _2rdacontent |
||
| 337 |
_bn _2rdamedia |
||
| 338 |
_bnc _2rdacarrier |
||
| 490 | 0 | _aGéneros | |
| 650 | 4 |
_aDERECHO _91508 |
|
| 650 | 4 |
_aSEXUALIDAD _91981 |
|
| 650 | 4 |
_aESTUDIO DE GÉNERO _985 |
|
| 700 | 1 |
_aD'Meza, María Teresa _94286 _etrl |
|
| 700 | 1 |
_aMolina-Zavalía, Rodrigo _94285 _etrl |
|
| 942 |
_cLIBRO _kAGN _n0 |
||
| 999 |
_c54637 _d54637 |
||